• 首页
  • 本馆介绍
  • 公告通知
  • 最新文献
  • 馆藏检索
  • 电子资源
  • 读者导购
  • 参考咨询
  • 我的图书馆
  • 登录
  • 详细信息显示
  • 放入我的书架
  • 预约/预借图书
  • 作者相关作品
  • 分类相关作品
  • 丛书相关作品
  • 出版社相关作品

书目信息

  • 表格格式
  • 工作单格式
  • 卡片格式
题名:
微生物学革命资料汇编
    
 
作者: ;中国科学院微生物研究所 汇编
分册: 第七集  
出版信息: 北京   科学出版社  1970
页数: 79页
开本: 19cm
丛书名:
单 册:
中图分类: Q93
科图分类:
主题词: 微生物学--参考资料
电子资源:
ISBN: 13031.2397
000 00760cam0 2200241 450
001 0105508105
005 20060726084637.0
010    @a13031.2397@dCNY0.20
091    @a13031.2397@dCNY0.20
100    @a19970304d1970 em y0chiy0110 ea
101 0  @achi
102    @aCN@b110000
105    @ay z 000yy
106    @ar
200 1  @a微生物学革命资料汇编@9Wei Sheng Wu Xue Ge;Ji Ming Zi Liao Hui Bian @f中国科学院微生物研究所汇编@h第七集@b专著
210    @a北京@c科学出版社@d1970
215    @a79页@d19cm
606 0  @a微生物学@x参考资料
690    @aQ93@v3
711 02 @a中国科学院微生物研究所@9zhong guo ke xue yuan wei sheng wu yan jiu suo@4汇编
801  0 @aCN@b广东省中山图书馆@c19970304
801  2 @aCN@bAiZhiMarc
905    @aBZT@dQ93@e100@f1@sQ93/100
    
    微生物学革命资料汇编/中国科学院微生物研究所汇编.第七集.-北京:科学出版社,1970
    79页;19cm
    
    
    ISBN 13031.2397:CNY0.20
    
●
相关链接 在五车中查询图书 在当当中查询图书 在豆瓣中查询图书


正题名:微生物学革命资料汇编     索取号:Q93/100         预约/预借

序号 登录号 条形码 馆藏地/架位号 状态 备注
1 2000114642   2000114642   旧书回溯/ [索取号:Q93/100] 在馆    
山东省滨州职业学院图书馆 欢迎您!
大连网信软件有限公司© 版权所有